Missing Word: #1 Hits by Female Artist Quiz Stats

 Plays Quiz Updated Dec 8, 2014

Challenge
Share
Tweet
Embed
Score 0/24 Timer 03:00
0 Plays Today
Song Answer % Correct
What's _____ Got to Do with ItLove
98.1%
Big Girls Don't _____Cry
97.7%
These _____ Are Made For Walkin'Boots
96.6%
What a _____ WantsGirl
95.7%
Ain't No _____ High EnoughMountain
95.6%
Wrecking _____Ball
95.2%
The First _____ Ever I Saw Your FaceTime
94.9%
_____... I Did It AgainOops!
93.7%
_____ My BellRing
92.7%
My _____ Will Go OnHeart
90.9%
_____ Compares 2 UNothing
89.8%
I _____ a GirlKissed
89.5%
Song Answer % Correct
I Wanna _____ with Somebody (Who Loves Me)Dance
85.5%
Single _____ (Put a Ring on It)Ladies
84.6%
If _____ Had My LoveYou
84.4%
The _____ We WereWay
83.2%
_____ It OffShake
79%
Papa Don't _____Preach
79%
All About That _____Bass
74.9%
Flashdance... What a _____Feeling
69.5%
Me and _____ McGeeBobby
63.2%
Together _____Again
60%
A _____ Like ThisMoment
45.8%
Don't _____ About UsForget
38%

Today's Daily Dose

You're not logged in!

Compare scores with friends on all Sporcle quizzes.
Join for Free
OR
Log In

You Might Also Like...

Show Comments

Extras

Top Quizzes Today


Score Distribution

Your Account Isn't Verified!

In order to create a playlist on Sporcle, you need to verify the email address you used during registration. Go to your Sporcle Settings to finish the process.

Report this User

Report this user for behavior that violates our Community Guidelines.

Details: